书目信息 |
| 题名: |
建筑学教程:设计原理
|
|
| 作者: | 赫茨伯格 著 | |
| 分册: | ||
| 出版信息: | 天津 天津大学出版社 2003.02 |
|
| 页数: | 272页 | |
| 开本: | 26cm | |
| 丛书名: | ||
| 单 册: | ||
| 中图分类: | TU-43 | |
| 科图分类: | ||
| 主题词: | 建筑学 | |
| 电子资源: | ||
| ISBN: | 7-5618-1703-7 | |
| 000 | 00610nam0 2200205 45 | |
| 001 | 0072627025 | |
| 005 | 20041105152318.07 | |
| 010 | @a7-5618-1703-7@dCNY 70.00 | |
| 100 | @a20000103d2003 km y0chiy0120 ea | |
| 101 | 0 | @achi |
| 102 | @aCN@b120000 | |
| 200 | 1 | @a建筑学教程:设计原理@AJian Zhu Xue Jiao Cheng:She Ji Yuan Li@e设计原理@f(菏)赫茨伯格著@F(He)He Ci Bo Ge Zhu |
| 210 | @a天津@c天津大学出版社@d2003.02 | |
| 215 | @a272页@d26cm | |
| 517 | @a设计原理@AShe Ji Yuan Li | |
| 606 | 0 | @a建筑学 |
| 690 | @aTU-43@v3 | |
| 701 | 0 | @a赫茨伯格@AHe Ci Bo Ge@4著 |
| 801 | 0 | @aCN@bPFT@c20041105 |
| 905 | @dTU-43@eH327 | |
| 建筑学教程:设计原理:设计原理/(菏)赫茨伯格著.-天津:天津大学出版社,2003.02 |
| 272页;26cm |
| ISBN 7-5618-1703-7:CNY 70.00 |
| ● |
| 相关链接 |
|
|
|
正题名:建筑学教程:设计原理
索取号:TU-43/H327
 
预约/预借
| 序号 | 登录号 | 条形码 | 馆藏地/架位号 | 状态 | 备注 |
| 1 | 392734 | 203927340 | 建筑库101/101建筑库 11排1列5层/ [索取号:TU-43/H327] | 在馆 | |
| 2 | 392735 | 203927359 | 建筑库101/101建筑库 11排1列5层/ [索取号:TU-43/H327] | 在馆 | |
| 3 | 392736 | 203927368 | 建筑库101/101建筑库 11排1列5层/ [索取号:TU-43/H327] | 在馆 | |
| 4 | 425504 | 204255046 | 建筑库101/ [索取号:TU-43/H327] | 在馆 | |
| 5 | 425505 | 204255055 | 建筑库101/ [索取号:TU-43/H327] | 在馆 | |
| 6 | 425506 | 204255064 | 建筑库101/101建筑库 11排1列5层/ [索取号:TU-43/H327] | 在馆 |